| 000 | 00400nam a2200097Ia 4500 | ||
|---|---|---|---|
| 008 | 180130s9999 xx 000 0 und d | ||
| 245 |
_cTaylor, John L.; Novaco, Raymond W. _aAnger control problems |
||
| 260 | _c2013 | ||
| 300 | _aBook title: Psychological therapies for adults with intellectual disabilities--Acession number C20702; pages 133-156 | ||
| 650 | _aPEOPLE WITH MENTAL DISABILITIES--PSYCHOLOGY | ||
| 999 |
_c353897 _d353897 |
||